|
|
|
|
| LEADER |
01560nam a2200445 4500 |
| 001 |
ocn919761559 |
| 003 |
OCoLC |
| 005 |
20180501122027.0 |
| 006 |
m o d |
| 007 |
cr cnu---unuuu |
| 008 |
150903s2015 maua ob 000 0 eng d |
| 040 |
|
|
|a OPELS
|b eng
|e rda
|e pn
|c OPELS
|d OCLCF
|d OCLCQ
|d DEBBG
|d UAT
|d GrThAP
|
| 019 |
|
|
|a 1031114510
|
| 020 |
|
|
|a 0128022531
|
| 020 |
|
|
|a 9780128022535
|
| 035 |
|
|
|a (OCoLC)919761559
|z (OCoLC)1031114510
|
| 050 |
|
4 |
|a QC793.5.E62
|
| 082 |
0 |
4 |
|a 539.7/2112
|2 23
|
| 049 |
|
|
|a TEFA
|
| 245 |
0 |
0 |
|a Advances in imaging and electron physics.
|n Volume 191 /
|c edited by Peter W. Hawkes.
|
| 264 |
|
1 |
|a Waltham, MA :
|b Academic Press is,
|c 2015.
|
| 300 |
|
|
|a 1 online resource :
|b illustrations
|
| 336 |
|
|
|a text
|b txt
|2 rdacontent
|
| 337 |
|
|
|a computer
|b c
|2 rdamedia
|
| 338 |
|
|
|a online resource
|b cr
|2 rdacarrier
|
| 504 |
|
|
|a Includes bibliographical references.
|
| 588 |
0 |
|
|a Title details screen (ScienceDirect, viewed September. 3, 2015).
|
| 650 |
|
0 |
|a Electrons.
|
| 650 |
|
0 |
|a Image processing.
|
| 650 |
|
0 |
|a Electronics.
|
| 650 |
|
7 |
|a SCIENCE
|x Physics
|x Quantum Theory.
|2 bisacsh
|
| 650 |
|
7 |
|a Electronics.
|2 fast
|0 (OCoLC)fst00907538
|
| 650 |
|
7 |
|a Electrons.
|2 fast
|0 (OCoLC)fst00907642
|
| 650 |
|
7 |
|a Image processing.
|2 fast
|0 (OCoLC)fst00967501
|
| 650 |
|
4 |
|a Electron microscopy.
|
| 650 |
|
4 |
|a Electrons.
|
| 650 |
|
4 |
|a Image processing.
|
| 655 |
|
4 |
|a Electronic books.
|
| 700 |
1 |
|
|a Hawkes, P. W.,
|e editor.
|
| 856 |
4 |
0 |
|u https://www.sciencedirect.com/science/bookseries/10765670/191
|z Full Text via HEAL-Link
|